Central Library OPAC University of Rajshahi

The civil service & local government as a career / (Record no. 47913)

MARC details
000 -LEADER
fixed length control field 00768nam a2200253 4500
001 - CONTROL NUMBER
control field 47913
003 - CONTROL NUMBER IDENTIFIER
rucl marc code BD-RJUL
005 - DATE AND TIME OF LATEST TRANSACTION
control field 20211209054425.0
008 - FIXED-LENGTH DATA ELEMENTS--GENERAL INFORMATION
fixed length control field 160811s1964 enka 001 0 eng d
035 ## - SYSTEM CONTROL NUMBER
System control number (BD-RJUL) 48032
040 ## - CATALOGING SOURCE
Original cataloging agency DLC
Transcribing agency EWF
Modifying agency UKM
-- BD-RJUL
Language of cataloging eng
041 ## - LANGUAGE CODE
Language code of text/sound track or separate title eng
082 ## - DEWEY DECIMAL CLASSIFICATION NUMBER
Classification number 352.63
Edition number 23
Author mark and year FIC 1964
100 11 - MAIN ENTRY--PERSONAL NAME
Personal name Field, Ronald
Dates associated with a name 1934-1989.
9 (RLIN) 145411
245 14 - TITLE STATEMENT
Title The civil service & local government as a career /
Statement of responsibility, etc. Ronald Field
260 ## - PUBLICATION, DISTRIBUTION, ETC. (IMPRINT)
Place of publication, distribution, etc. London :
Name of publisher, distributor, etc. Batsford,
Date of publication, distribution, etc. c1964
300 ## - PHYSICAL DESCRIPTION
Pagination 136 p. :
Illustrations illus.
Size 20 cm.
490 1# - SERIES STATEMENT
Series statement Batsford career books
500 ## - GENERAL NOTE
General note Include Index
650 #0 - SUBJECT ADDED ENTRY--TOPICAL TERM
Topical term or geographic name as entry element Civil service
Geographic subdivision Great Britain.
9 (RLIN) 145412
Topical term or geographic name as entry element Local officials and employees
Geographic subdivision Great Britain
9 (RLIN) 145413
942 ## - ADDED ENTRY ELEMENTS (KOHA)
Source of classification or shelving scheme Dewey Decimal Classification
Koha item type Books
Holdings
Lost status Source of classification or shelving scheme Damaged status Not for loan Collection code Permanent Location Current Location Shelving location Date acquired Source of acquisition Cost, normal purchase price Total Checkouts Full call number Date last seen Copy number Koha item type
  Dewey Decimal Classification     Non-fiction Central Library, University of Rajshahi Central Library, University of Rajshahi   06/04/1969 Zeitlinger 10.15   352.63 FIC 1964 11/08/2016 C-2 Books
  Dewey Decimal Classification     Non-fiction Central Library, University of Rajshahi Central Library, University of Rajshahi   06/04/1969 Zeitlinger 10.15   352.63 FIC 1964 11/08/2016 C-3 Books
  Dewey Decimal Classification     Non-fiction Central Library, University of Rajshahi Central Library, University of Rajshahi   06/04/1969 Zeitlinger 10.15   352.63 FIC 1964 11/08/2016 C-4 Books